| 000 | 00399cam a2200169ua 4500 | ||
|---|---|---|---|
| 020 | _c55 | ||
| 041 |
_aeng _h |
||
| 082 |
_a581.4 _bVAS/TA |
||
| 100 | _aVasishta, P C . | ||
| 245 |
_aTaxonomy of angiosperms / _cP C Vasishta. _hTextual Documents |
||
| 260 |
_aNew Delhi : _bS.Chand and Co , _c1985. |
||
| 300 | _a884 ; . | ||
| 365 | _a55 | ||
| 504 | _a | ||
| 942 | _cBK | ||
| 999 |
_c7260 _d7260 |
||